00649nam a22001697a 450000500170000001000120001702000260002908200110005510000220006624501140008825000060020226000490020827001190025730000240037650000450040070000340044520250124162047.0 aBACIN25 a9789358707212c550.00 a00021 aKochhar, Sandeep  aThe 99 Percentile CAT:bVerbal Ability & Reading Comprehension/cby Sandeep Kochhar [and] Vishwapriya Kochhar a1 aNew DelhibS Chand and Company Limitedc2024 a A-27, 2nd Floor, Mohan Co-operative Industrial EstatebNew Delhie110044minfo@schandpublishing.comk011-49731800 axiv,498p.c23cm(pb) a Guide by IIM Alumni + 5 Free Mock Tests aKochhar, Vishwapriya eAuthor